000 00500nam a2200181 i 4500
001 57362
003 ES-MaACL
005 20230906163549.0
007 t|
008 031016s1970 sp ||||1| spa d
100 1 _aDodd, Allen R.
_944963
245 1 3 _aEl cazador de empleos /
_cAllen R. Dodd ; [versión Luis Buelta].
250 _a[1ª ed.].
260 _aBarcelona :
_bPicaso,
_c[1973]
300 _a311 p. ;
_c19 cm.
700 1 _aBuelta, Luis.
_932352
852 _aES-MaACL
_jC-40097
_bR.75144
999 _c57362
_d57362